Hay Day: All Animals in the Game - Statistics

General Stats
  • This quiz has been taken 21 times
  • The average score is 17 of 35
Answer Stats
Answer % Correct
Cat
100%
Chicken
100%
Cow
100%
Dog
100%
Horse
100%
Pig
100%
Sheep
100%
Goat
89%
Giraffe
83%
Elephant
78%
Honey bee
72%
Donkey
67%
Bunny
61%
Fish
61%
Squirrel
61%
Duck
56%
Hippo
50%
Lobster
39%
Peacock
39%
Guinea pig
28%
Penguin
22%
Zebra
22%
Flamingo
17%
Gorilla
17%
Ostrich
17%
Pelican
17%
Swan
17%
Toucan
17%
Cheetah
11%
Heron
11%
Reindeer
11%
Arctic fox
6%
Cockatoo
6%
Macaw
6%
Meerkat
6%
No matching quizzes found
Score Distribution
Percent of People with Each Score
Percentile by Number Answered
Your Score History
You have not taken this quiz